Проходная ионизационная камера

Chi tiết về thư mục
Tác giả chính: Сорокин В. Б. Владимир Борисович
Tác giả của công ty: Томский политехнический институт (ТПИ) Научно-исследовательский институт электронной интроскопии
Tóm tắt:опубл. 10.07.96
Изобретение относится к технике применения пучков ускоренных электронов, а именно к системам мониторирования электронных пучков ускорителей, и предназначено для использования преимущественно в медицине, в устройствах для радиационной терапии.
Ngôn ngữ:Tiếng Nga
Được phát hành:
Những chủ đề:
Truy cập trực tuyến:http://www1.fips.ru/fips_servl/fips_servlet?DB=RUPAT&rn=2238&DocNumber=1771331&TypeFile=html
Định dạng: Điện tử Sách
KOHA link:https://koha.lib.tpu.ru/cgi-bin/koha/opac-detail.pl?biblionumber=640729

MARC

LEADER 00000nlm0a2200000 4500
001 640729
005 20231101134129.0
029 1 0 |a RU  |b 1771331  |c А. с.  |d МПК H 01 J 47/02  |d МПК G 01 T 1/185 
035 |a (RuTPU)RU\TPU\network\5301 
035 |a RU\TPU\network\3143 
039 0 |a RU  |b 4915274/25  |c 19910212 
090 |a 640729 
100 |a 20150424j19960710k y0rusy50 ca 
101 0 |a rus 
102 |a RU 
105 |a a k 000zy 
135 |a drcn ---uucaa 
181 0 |a i  
182 0 |a b 
200 1 |a Проходная ионизационная камера  |f В. Б. Сорокин  |g Томский политехнический институт (ТПИ), Научно-исследовательский институт электронной интроскопии 
203 |a Текст  |c электронный 
300 |a опубл. 10.07.96 
330 |a Изобретение относится к технике применения пучков ускоренных электронов, а именно к системам мониторирования электронных пучков ускорителей, и предназначено для использования преимущественно в медицине, в устройствах для радиационной терапии. 
610 1 |a патенты 
610 1 |a труды учёных ТПУ 
610 1 |a ионизационные камеры 
610 1 |a пучки электронов 
610 1 |a электронные пучки 
610 1 |a мониторирование 
610 1 |a ускорители 
610 1 |a изобретения 
610 1 |a авторские свидетельства 
700 1 |a Сорокин  |b В. Б.  |c физик  |c старший научный сотрудник Томского политехнического университета  |f 1946-  |g Владимир Борисович  |2 stltpush  |3 (RuTPU)RU\TPU\pers\28148 
712 0 2 |a Томский политехнический институт (ТПИ)  |b Научно-исследовательский институт электронной интроскопии  |2 stltpush  |3 (RuTPU)RU\TPU\col\12415 
801 1 |a RU  |b 63413507  |c 20120201 
801 2 |a RU  |b 63413507  |c 20160607  |g RCR 
856 4 |u http://www1.fips.ru/fips_servl/fips_servlet?DB=RUPAT&rn=2238&DocNumber=1771331&TypeFile=html 
942 |c CF